000 00572nam a22002177a 4500
003 UA-OsUOA
001 47053
007 ta
008 20070710b un ||||| |||| 00| 0 ukr d
100 _aА. Зись
090 _a85
_bА11
942 _cBK
040 _aUA-OsUOA
_brus
_cUA-OsUOA
_dUA-OsUOA
245 _aВиды Искусства
300 _a115 с.
955 _a2
041 _arus
080 _a85
260 _aМ.
_bЗнание
_c1979
650 7 _a8 Мовознавство. Художня література. Літературознавство
_2UDC
999 _c333156
_d333156